000 01291cam a22003854a 4500
001 ocm71798102
003 OSt
005 20140310182502.0
008 060922s2007 enka b 001 0 eng
010 _a2006031710
020 _a9780198568421 (pbk. : alk. paper)
020 _a0198568428 (pbk. : alk. paper)
040 _aDNLM/DLC
_cDLC
_dNLM
_dUKM
_dBAKER
_dBTCTA
_dYDXCP
_dBWKUK
_dCVU
042 _apcc
049 _aCVUA
050 _aRM 858
_b.R342 2007
096 _aWN450
_b.R342 2007
100 _aPeter Hoskin.
_98726
245 0 0 _aRadiotherapy in practice :
_bradioisotope therapy /
_cedited by Peter Hoskin.
246 3 0 _aRadioisotope therapy.
260 _aOxford ;
_aNew York :
_bOxford University Press,
_c2007.
300 _a189 p. :
_bill. ;
_c24 cm.
440 0 _aRadiotherapy in practice.
_98727
504 _aIncludes bibliographical references and index.
650 0 _aRadioisotopes
_xTherapeutic use.
_98728
650 1 2 _aRadioisotopes
_xtherapeutic use.
_98729
650 2 2 _aNeoplasms
_xradiotherapy.
_98730
650 2 2 _aThyroid Diseases
_xradiotherapy.
_98731
700 1 _aHoskin, Peter J.
_98732
910 _a20070824/w/c;ckc
942 _2lcc
_cSSLC
980 _a280207
_b23331
_e2453
_f20357605
_g1
981 _abbs
_bMFORA RESP
999 _c13824
_d13824